MARC details
| 000 -CABECERA |
| campo de control de longitud fija |
01977nab a2200265 ab4500 |
| 005 - FECHA Y HORA DE LA ÚLTIMA TRANSACCIÓN |
| campo de control |
20260630144117.0 |
| 008 - ELEMENTOS DE LONGITUD FIJA--INFORMACIÓN GENERAL |
| campo de control de longitud fija |
260604b2025 sp tr poo| 0 0 spa d |
| 003 - IDENTIFICADOR DEL NÚMERO DE CONTROL |
| campo de control |
|
| 040 ## - FUENTE DE LA CATALOGACIÓN |
| Centro catalogador/agencia de origen |
MX-MxUPN |
| Lengua de catalogación |
spa |
| Centro/agencia transcriptor |
MX-MxUPN |
| Normas de descripción |
aacr2 |
| 100 1# - ASIENTO PRINCIPAL--NOMBRE PERSONAL |
| Nombre de persona |
Jiménez García, Juan Ramón |
| 9 (RLIN) |
60160 |
| 100 1# - ASIENTO PRINCIPAL--NOMBRE PERSONAL |
| Nombre de persona |
Fachelli, Sandra |
| 9 (RLIN) |
60161 |
| 245 14 - MENCIÓN DE TÍTULO |
| Título |
Análisis multifactorial de la inserción laboral de personas graduadas. Equidad del sistema y persistencia de desigualdades de género |
| Medio |
[recurso electrónico en línea] |
| 506 0# - NOTA DE RESTRICCIONES AL ACCESO |
| Limitaciones de acceso |
Acceso abierto |
| 520 3# - NOTA DE RESUMEN, ETC. |
| Sumario, etc. |
Este artículo analiza la inserción laboral de graduados universitarios, enfocándose en los ingresos cinco años después de la obtención del título, considerando factores como campo de estudio, tipo de universidad, habilidades tecnológicas, idiomas, origen social, género, edad y comunidad autónoma. Utilizando microdatos de la Encuesta de inserción laboral de titulados universitarios de 2019, se presentan resultados sobre los ingresos. Destacamos cómo la educación universitaria puede mitigar diferencias socioeconómicas medidas por el nivel educativo de los padres, respaldando la importancia de un sistema educativo superior que permita a hijos de clases trabajadoras acceder y completar la formación universitaria. La gratuidad del sistema educativo aumentaría el acceso y la finalización de estudios en colectivos vulnerables. El estudio evidencia la persistencia de desigualdades de género en el mercado laboral de graduados. |
| Fuente proveedora |
REIS |
| 653 ## - TERMINO DE INDIZACION - NO CONTROLADO |
| Término no controlado |
Inserción laboral |
| 650 #4 - ASIENTO SECUNDARIO DE MATERIA - TERMINO TEMATICO |
| Término de materia o nombre geográfico como elemento de entrada |
Equidad de género |
| 9 (RLIN) |
4872 |
| 653 ## - TERMINO DE INDIZACION - NO CONTROLADO |
| Término no controlado |
Salarios |
| 650 #2 - ASIENTO SECUNDARIO DE MATERIA - TERMINO TEMATICO |
| Término de materia o nombre geográfico como elemento de entrada |
Movilidad social |
| 9 (RLIN) |
16154 |
| 650 ## - ASIENTO SECUNDARIO DE MATERIA - TERMINO TEMATICO |
| Término de materia o nombre geográfico como elemento de entrada |
Educación superior |
| 9 (RLIN) |
32 |
| 773 ## - ENLACE AL DOCUMENTO FUENTE/ENTRADA DE REGISTRO ANFITRIÓN |
| Parte(s) relacionada(s) |
No. 192 (2025), p. 125-148 |
| Título |
REIS: revista española de investigaciones sociológicas |
| Número Internacional Normalizado para Publicaciones Seriadas |
1988-5903 |
| 856 4# - LOCALIZACIÓN Y ACCESO ELECTRÓNICOS |
| Identificador Uniforme del Recurso |
<a href="https://reis.cis.es/index.php/reis/article/view/2399">https://reis.cis.es/index.php/reis/article/view/2399</a> |
| 856 4# - LOCALIZACIÓN Y ACCESO ELECTRÓNICOS |
| Identificador Uniforme del Recurso |
<a href="https://reis.cis.es/index.php/reis/article/view/2399/3000">https://reis.cis.es/index.php/reis/article/view/2399/3000</a> |
| 902 ## - ELEMENTOS DE DATOS B LOCAL, LDB (RLIN) |
| Creó |
Leonor Sotres/300626 |
| 942 ## - ELEMENTOS DE PUNTO DE ACCESO ADICIONAL (KOHA) |
| Tipo de ítem Koha |
Artículo Electrónico |